[Event "South America-ch U20"]
[Site "Asuncion"]
[Date "2012.06.19"]
[Round "6"]
[White "Torres, Mauricio Jose"]
[Black "Avalos Arguello, Jose Mathias"]
[Result "1-0"]
[WhiteElo "1789"]
[BlackElo "1535"]
[PlyCount "109"]
[EventDate "2012.06.15"]
[EventType "swiss"]
[EventRounds "9"]
[EventCountry "PAR"]
[SourceTitle "CBM 149 Extra"]
[Source "ChessBase"]
[SourceDate "2012.08.24"]
[SourceVersion "1"]
[SourceVersionDate "2012.08.24"]
[SourceQuality "1"]

1. e4 d5 2. exd5 Nf6 3. Nf3 Nxd5 4. Bc4 Bg4 5. 0-0 e6 6. d4 Be7 7. Nc3 0-0 8. Nxd5 exd5 9. Bd3 Nd7 10. c3 Nf6 11. h3 Bh5 12. Re1 Re8 13. Bg5 Ne4 14. Bxe7 Qxe7 15. Be2 Qf6 16. Rf1 Ng5 17. Ne5 Bxe2 18. Qxe2 Qb6 19. Qh5 f6 20. Nd3 g6 21. Qd1 Re7 22. Qb3 c6 23. Rfe1 Rae8 24. Qxb6 axb6 25. f3 Rxe1+ 26. Rxe1 Rxe1+ 27. Nxe1 Ne6 28. Kf2 Kf7 29. Ke3 c5 30. Nd3 g5 31. g3 Ke7 32. f4 gxf4+ 33. Nxf4 Nxf4 34. Kxf4 Ke6 35. a4 c4 36. g4 h6 37. h4 Ke7 38. Kf5 Kf7 39. h5 b5 40. a5 Ke7 41. Kg6 Ke6 42. Kxh6 Kf7 43. Kh7 Ke6 44. Kg6 b4 45. cxb4 Kd6 46. b5 Kc7 47. h6 b6 48. a6 c3 49. bxc3 f5 50. gxf5 Kb8 51. h7 Ka7 52. f6 Kb8 53. h8Q+ Kc7 54. a7 Kd7 55. a8Q 1-0

[Event "South America-ch U20"]
[Site "Asuncion"]
[Date "2012.06.18"]
[Round "5"]
[White "Espinoza Palomino, Willyam"]
[Black "Torres, Mauricio Jose"]
[Result "1-0"]
[WhiteElo "2327"]
[BlackElo "1789"]
[PlyCount "97"]
[EventDate "2012.06.15"]
[EventType "swiss"]
[EventRounds "9"]
[EventCountry "PAR"]
[SourceTitle "CBM 149 Extra"]
[Source "ChessBase"]
[SourceDate "2012.08.24"]
[SourceVersion "1"]
[SourceVersionDate "2012.08.24"]
[SourceQuality "1"]

1. d4 Nf6 2. Nf3 g6 3. b3 Bg7 4. Bb2 0-0 5. g3 d6 6. Bg2 Nbd7 7. 0-0 c5 8. c4 a6 9. Nc3 Rb8 10. e4 cxd4 11. Nxd4 Ne5 12. Qd2 Nc6 13. Nc2 Qa5 14. Ne3 Qh5 15. f4 Qc5 16. Kh1 e5 17. Ncd5 Nd7 18. Nc2 b5 19. Ba3 b4 20. Ndxb4 Nxb4 21. Bxb4 Rxb4 22. Qxb4 exf4 23. Qxc5 Nxc5 24. Rad1 fxg3 25. Rxd6 gxh2 26. Rd5 Nd7 27. Kxh2 Nf6 28. Rd3 Ng4+ 29. Kh1 Ne5 30. Rd6 h5 31. Ne3 h4 32. c5 Bh6 33. Nd5 Kg7 34. c6 Bg4 35. Kh2 Bc8 36. c7 Bg5 37. Bh3 Ng4+ 38. Bxg4 Bxg4 39. Rg1 f5 40. Rb6 Rc8 41. e5 Rxc7 42. Nxc7 Bf4+ 43. Kg2 h3+ 44. Kf2 Bxe5 45. Ne6+ Kf7 46. Ng5+ Kg7 47. Rb7+ Kg8 48. Nf3 Bd6 49. Rc1 1-0

[Event "PAR-ch Mayor"]
[Site "Asuncion"]
[Date "2012.05.27"]
[Round "9.8"]
[White "Peralta, Eduardo"]
[Black "Torres, Mauricio Jose"]
[Result "1/2-1/2"]
[WhiteElo "2245"]
[BlackElo "1789"]
[PlyCount "41"]
[EventDate "2012.05.04"]
[EventType "swiss"]
[EventRounds "9"]
[EventCountry "PAR"]
[SourceTitle "EXT 2023"]
[Source "ChessBase"]
[SourceDate "2022.10.05"]
[SourceVersion "1"]
[SourceVersionDate "2022.10.05"]
[SourceQuality "1"]

1. Nf3 Nf6 2. c4 g6 3. Nc3 Bg7 4. g3 0-0 5. Bg2 d6 6. 0-0 Nc6 7. d4 e5 8. d5 Na5 9. Nd2 b6 10. b4 Nb7 11. Bb2 Ne8 12. e4 f5 13. exf5 gxf5 14. f4 e4 15. Nb3 Nf6 16. Nd4 Ng4 17. Qd2 Qe8 18. Nce2 Bd7 19. Bc3 Qf7 20. Rae1 Rae8 21. h3 1/2-1/2

[Event "Pan American-ch U12"]
[Site "Cali"]
[Date "2011.07.05"]
[Round "4"]
[White "Martinez Alcantara, Jose Eduardo"]
[Black "Torres, Mauricio Jose"]
[Result "1-0"]
[WhiteElo "1945"]
[BlackElo "1705"]
[PlyCount "80"]
[EventDate "2011.07.03"]
[EventType "swiss"]
[EventRounds "9"]
[EventCountry "COL"]
[SourceTitle "CBM 143 Extra"]
[Source "ChessBase"]
[SourceDate "2011.08.29"]
[SourceVersion "1"]
[SourceVersionDate "2011.08.29"]
[SourceQuality "1"]

1. e4 c5 2. Nf3 Nc6 3. d4 cxd4 4. Nxd4 g6 5. Nc3 Bg7 6. Be3 Nf6 7. Bc4 0-0 8. Bb3 a5 9. 0-0 d5 10. exd5 Nb4 11. Nde2 a4 12. Nxa4 Nbxd5 13. Bd4 Bg4 14. f3 Bd7 15. Nac3 Nb4 16. Bf2 Qc7 17. a3 Na6 18. Nd4 Rfd8 19. Qe2 e6 20. Rfd1 Nh5 21. Ne4 Bc6 22. Nxc6 Qxc6 23. c3 Nf4 24. Qc4 Rdc8 25. Qxc6 Rxc6 26. Kf1 b6 27. g3 Nh5 28. Ba4 Rcc8 29. Bd7 Rf8 30. Rd6 Nb8 31. Bb5 Be5 32. Rxb6 Rd8 33. Ke2 Ng7 34. f4 f5 35. fxe5 fxe4 36. g4 Nd7 37. Bxd7 Rxd7 38. a4 Rd5 39. Bd4 Rda5 40. b3 Rf8 1-0

[Event "Asuncion zt 2.5"]
[Site "Asuncion"]
[Date "2011.05.24"]
[Round "9"]
[White "Torres, Mauricio Jose"]
[Black "Florentin, Damaso"]
[Result "1/2-1/2"]
[WhiteElo "1724"]
[BlackElo "1743"]
[PlyCount "145"]
[EventDate "2011.05.16"]
[EventType "swiss"]
[EventRounds "9"]
[EventCountry "PAR"]
[SourceTitle "CBM 142 Extra"]
[Source "ChessBase"]
[SourceDate "2011.06.27"]
[SourceVersion "1"]
[SourceVersionDate "2011.06.27"]
[SourceQuality "1"]

1. e4 d6 2. Nc3 c6 3. g3 e5 4. Bg2 Qc7 5. Nge2 Bg4 6. d3 Nd7 7. h3 Bh5 8. 0-0 Ne7 9. Be3 Bg6 10. f4 f6 11. Kh1 Bf7 12. fxe5 dxe5 13. d4 Bg6 14. Rc1 Nb6 15. b3 Nec8 16. d5 Ba3 17. Rb1 Bb4 18. dxc6 bxc6 19. a4 0-0 20. Na2 Be7 21. a5 Nd7 22. b4 Bf7 23. Nac3 Nd6 24. Qe1 Nc4 25. Nd1 Rfd8 26. g4 Nf8 27. Ng3 Ne6 28. Nf5 Bf8 29. Qg3 h6 30. Bc1 Nd2 31. Bxd2 Rxd2 32. Qc3 Rad8 33. Nde3 g6 34. Nh4 Qe7 35. Nd5 cxd5 36. Qxd2 dxe4 37. Qe1 Ng5 38. Kh2 Rd4 39. c3 Rd3 40. Bxe4 Rxh3+ 41. Kg2 Rxh4 42. Qxh4 Nxe4 43. Rbe1 Bd5 44. Kh2 Kg7 45. c4 Ba8 46. c5 Ng5 47. Re3 e4 48. Qe1 Qe6 49. Qc3 Be7 50. Rf4 Bd8 51. Rf2 Bc7+ 52. Kh1 Be5 53. Qd2 Bc6 54. Rg2 Bf4 55. Qe2 Bxe3 56. Qxe3 a6 57. Rd2 Qxg4 58. Rd6 Qh4+ 59. Kg2 Qg4+ 60. Kf2 Nh3+ 61. Ke1 Bb5 62. c6 g5 63. c7 Ng1 64. Kd2 Nf3+ 65. Kc1 Ne5 66. Rd8 Bd7 67. Qb3 Qf4+ 68. Kb1 Qf1+ 69. Kc2 Qe2+ 70. Kb1 Qe1+ 71. Kc2 Qe2+ 72. Kb1 Qf1+ 73. Kc2 1/2-1/2

[Event "Asuncion zt 2.5"]
[Site "Asuncion"]
[Date "2011.05.21"]
[Round "6"]
[White "Kropff, Ricardo"]
[Black "Torres, Mauricio Jose"]
[Result "1-0"]
[WhiteElo "2298"]
[BlackElo "1724"]
[PlyCount "73"]
[EventDate "2011.05.16"]
[EventType "swiss"]
[EventRounds "9"]
[EventCountry "PAR"]
[SourceTitle "CBM 142 Extra"]
[Source "ChessBase"]
[SourceDate "2011.06.27"]
[SourceVersion "1"]
[SourceVersionDate "2011.06.27"]
[SourceQuality "1"]

1. d4 g6 2. e4 Bg7 3. c3 d6 4. Bg5 Nf6 5. Nd2 0-0 6. Ngf3 h6 7. Bh4 c5 8. dxc5 dxc5 9. Bc4 Nc6 10. 0-0 Bg4 11. Qc2 Nd7 12. h3 Bxf3 13. Nxf3 Nde5 14. Nxe5 Nxe5 15. Be2 Nc6 16. f4 Qb6 17. Bf2 Rad8 18. e5 Qa5 19. a3 a6 20. b4 cxb4 21. cxb4 Qc7 22. Rac1 Rc8 23. Qe4 Kh7 24. Rc3 Rfd8 25. Rfc1 Rd2 26. Bc4 f5 27. Qe1 Rdd8 28. Be6 Ra8 29. a4 Qb8 30. Rc4 Rf8 31. b5 axb5 32. axb5 Na7 33. Qb4 Qd8 34. Rc7 g5 35. Rd7 Qe8 36. Rxe7 Qxb5 37. Rcc7 1-0

[Event "Asuncion YM"]
[Site "Asuncion"]
[Date "2011.03.15"]
[Round "4"]
[White "Saldana, Fernando Javier"]
[Black "Torres, Mauricio Jose"]
[Result "1/2-1/2"]
[WhiteElo "1737"]
[BlackElo "1671"]
[PlyCount "82"]
[EventDate "2011.03.10"]
[EventType "swiss"]
[EventRounds "7"]
[EventCountry "PAR"]
[SourceTitle "CBM 141 Extra"]
[Source "ChessBase"]
[SourceDate "2011.05.03"]
[SourceVersion "1"]
[SourceVersionDate "2011.05.03"]
[SourceQuality "1"]

1. e4 c5 2. Nf3 g6 3. c3 Bg7 4. d4 cxd4 5. cxd4 d5 6. e5 e6 7. Bb5+ Bd7 8. Bxd7+ Qxd7 9. 0-0 Ne7 10. Be3 0-0 11. Nc3 a6 12. Na4 Qd8 13. Nc5 b6 14. Nd3 Nf5 15. Rc1 Nxe3 16. fxe3 Qd7 17. Qc2 a5 18. Qc7 Qb5 19. Qc2 Na6 20. a4 Qd7 21. Qc6 Qa7 22. Qb5 Rfc8 23. Rc6 Rxc6 24. Qxc6 Bh6 25. Kf2 Nb4 26. Nxb4 axb4 27. b3 Qa6 28. Rc1 Kg7 29. g4 Kg8 30. h4 Rb8 31. g5 Bf8 32. Qd7 Bg7 33. Rc7 Rf8 34. Nh2 Qd3 35. Ng4 Qd2+ 36. Kg3 Qe1+ 37. Kh3 Qf1+ 38. Kg3 Qd3 39. Rc8 Qxb3 40. Rxf8+ Bxf8 41. Nf6+ Kg7 1/2-1/2

[Event "Asuncion Prieto Memorial op"]
[Site "Asuncion"]
[Date "2011.01.13"]
[Round "8"]
[White "Riline Orso, Alejandro"]
[Black "Torres, Mauricio Jose"]
[Result "1/2-1/2"]
[WhiteElo "2218"]
[BlackElo "1605"]
[PlyCount "122"]
[EventDate "2011.01.06"]
[EventType "swiss"]
[EventRounds "9"]
[EventCountry "PAR"]
[SourceTitle "EXT 2012"]
[Source "ChessBase"]
[SourceDate "2011.11.24"]
[SourceVersion "1"]
[SourceVersionDate "2011.11.24"]
[SourceQuality "1"]

1. d4 Nf6 2. c4 g6 3. Nc3 Bg7 4. e4 d6 5. f4 0-0 6. Nf3 c5 7. dxc5 dxc5 8. Be3 Nc6 9. Qxd8 Rxd8 10. Bxc5 b6 11. Ba3 Bb7 12. Be2 e6 13. 0-0 Ng4 14. Nd1 Nd4 15. Nxd4 Bxd4+ 16. Kh1 Ne3 17. Nxe3 Bxe3 18. f5 Bxe4 19. fxe6 fxe6 20. Bg4 Bf5 21. Bf3 Rac8 22. b3 h5 23. Rad1 Rd4 24. Bb2 Rdd8 25. h3 Bg5 26. Rxd8+ Rxd8 27. Rd1 Rxd1+ 28. Bxd1 Bf4 29. b4 Bd3 30. c5 bxc5 31. bxc5 Kf7 32. c6 Ke8 33. Bd4 Kd8 34. Bxa7 Kc7 35. Kg1 Kxc6 36. Kf2 h4 37. Be3 Bg3+ 38. Kf3 Kd5 39. Kg4 Bf5+ 40. Kg5 Ke4 41. Bc1 Kd3 42. a4 e5 43. a5 e4 44. a6 Bb8 45. Ba4 Ba7 46. Bb5+ Kc2 47. Bf4 e3 48. Kxh4 Kd1 49. Kg5 Bc2 50. g4 e2 51. Bg3 Be3+ 52. Kf6 e1Q 53. Bxe1 Kxe1 54. h4 Kf2 55. h5 gxh5 56. gxh5 Kg3 57. Bc6 Kg4 58. h6 Kh5 59. Ke6 Kxh6 60. Kd7 Bd3 61. Bb7 Bxa6 1/2-1/2

[Event "Asuncion Prieto Memorial op"]
[Site "Asuncion"]
[Date "2011.01.06"]
[Round "1"]
[White "Roman, Rodrigo"]
[Black "Torres, Mauricio Jose"]
[Result "1-0"]
[WhiteElo "1960"]
[BlackElo "1605"]
[PlyCount "89"]
[EventDate "2011.01.06"]
[EventType "swiss"]
[EventRounds "9"]
[EventCountry "PAR"]
[SourceTitle "EXT 2012"]
[Source "ChessBase"]
[SourceDate "2011.11.24"]
[SourceVersion "1"]
[SourceVersionDate "2011.11.24"]
[SourceQuality "1"]

1. d4 Nf6 2. c4 g6 3. Nf3 Bg7 4. g3 0-0 5. Bg2 d6 6. 0-0 c5 7. d5 e6 8. Nc3 exd5 9. cxd5 Bf5 10. h3 a6 11. a4 Ne4 12. g4 Nxc3 13. bxc3 Be4 14. Qb3 Qc7 15. Bf4 Nd7 16. Nd2 Bxg2 17. Kxg2 Rfe8 18. e3 Ne5 19. Rab1 Rab8 20. Qb6 Qe7 21. Rb3 g5 22. Bg3 Bf8 23. Rfb1 Nd7 24. Qa5 Nf6 25. c4 Ne4 26. f3 Nxd2 27. Qxd2 Qd7 28. e4 h6 29. Rb6 Kg7 30. h4 f6 31. hxg5 hxg5 32. Qc2 Be7 33. Qb3 Kf8 34. a5 Qc7 35. Be1 Qd7 36. Bc3 Bd8 37. Rxb7 Rxb7 38. Qxb7 Qa4 39. Qb3 Qd7 40. Qb2 Qg7 41. Qb7 Qg6 42. Rh1 Kg8 43. Qd7 Be7 44. Qe6+ Kg7 45. Rh5 1-0

[Event "Pan American U12"]
[Site "Bento Goncalves"]
[Date "2010.08.06"]
[Round "7"]
[White "Martinez Ramirez, Anthony"]
[Black "Torres, Mauricio Jose"]
[Result "1-0"]
[WhiteElo "1656"]
[BlackElo "1617"]
[PlyCount "213"]
[EventDate "2010.08.02"]
[EventType "swiss"]
[EventRounds "9"]
[EventCountry "BRA"]
[SourceTitle "EXT 2013"]
[Source "ChessBase"]
[SourceDate "2012.11.22"]
[SourceVersion "1"]
[SourceVersionDate "2012.11.22"]
[SourceQuality "1"]

1. d4 Nf6 2. c4 g6 3. Nc3 Bg7 4. e4 d6 5. Nf3 c5 6. d5 0-0 7. Be2 e5 8. 0-0 Nbd7 9. a3 a6 10. b4 b6 11. bxc5 bxc5 12. Rb1 Ne8 13. Qa4 Nb6 14. Qa5 Rb8 15. Na4 Nf6 16. Bg5 Nbd7 17. Qxd8 Rxd8 18. Bxf6 Bxf6 19. Rxb8 Nxb8 20. Nd2 Rf8 21. Rb1 Bd7 22. Nb6 Bg5 23. Nb3 Bd8 24. Na5 f5 25. f3 fxe4 26. fxe4 Ba4 27. Bd3 Nd7 28. Nxa4 Bxa5 29. Rb7 Rd8 30. Ra7 Nb8 31. Kf2 Rf8+ 32. Ke2 Rf7 33. Rxf7 Kxf7 34. Bc2 Nd7 35. Nb2 Nb6 36. Bb3 Bc3 37. Nd3 Bd4 38. Kf3 a5 39. h4 h6 40. g4 g5 41. h5 Kf6 42. Ke2 Ke7 43. Kd2 Kd7 44. Kc2 Kc7 45. Nc1 Nd7 46. Kd3 Nf6 47. Bd1 Bb2 48. Nb3 a4 49. Na5 Bxa3 50. Nc6 Bb4 51. Bf3 Ng8 52. Kc2 Kd7 53. Kb2 Nf6 54. Ka2 Ke8 55. Na7 Kd7 56. Nb5 Ke7 57. Nc7 Nd7 58. Ne6 Kf7 59. Bd1 Nb6 60. Be2 a3 61. Kb3 Na4 62. Nd8+ Kf6 63. Nc6 Nc3 64. Bf3 a2 65. Kb2 Ba3+ 66. Ka1 Bc1 67. Na5 Be3 68. Kb2 Bd4 69. Nb7 Nxe4+ 70. Kxa2 Nc3+ 71. Kb3 e4 72. Bg2 e3 73. Bf1 e2 74. Bxe2 Nxe2 75. Nxd6 Be5 76. Ne4+ Ke7 77. Nxc5 Nd4+ 78. Ka4 Bd6 79. Ne4 Be5 80. c5 Kd7 81. Kb4 Nc6+ 82. Kb5 Nd4+ 83. Kb6 Bc7+ 84. Kb7 Be5 85. c6+ Kd8 86. d6 Nb5 87. c7+ Nxc7 88. dxc7+ Bxc7 89. Kc6 Be5 90. Kd5 Ba1 91. Ke6 Ke8 92. Ng3 Bc3 93. Nf5 Bd2 94. Nxh6 Kf8 95. Kf6 Be3 96. Kg6 Bd4 97. Nf7 Kg8 98. h6 Kf8 99. h7 Bg7 100. h8Q+ Bxh8 101. Nxh8 Kg8 102. Nf7 Kf8 103. Nxg5 Kg8 104. Ne4 Kh8 105. Kf7 Kh7 106. g5 Kh8 107. Nc3 1-0

[Event "Asuncion Preclasificatorio Mayor"]
[Site "Asuncion"]
[Date "2010.05.05"]
[Round "9"]
[White "Torres, Mauricio Jose"]
[Black "Heinechen, John"]
[Result "0-1"]
[WhiteElo "1649"]
[BlackElo "1778"]
[PlyCount "58"]
[EventDate "2010.04.05"]
[EventType "swiss"]
[EventRounds "9"]
[EventCountry "PAR"]
[SourceTitle "EXT 2023"]
[Source "ChessBase"]
[SourceDate "2022.10.05"]
[SourceVersion "1"]
[SourceVersionDate "2022.10.05"]
[SourceQuality "1"]

1. d4 e6 2. c4 c5 3. d5 exd5 4. cxd5 d6 5. Nc3 Nf6 6. e4 Be7 7. Bd3 0-0 8. f4 Bg4 9. Nf3 Nbd7 10. 0-0 a6 11. a4 Re8 12. h3 Bxf3 13. Qxf3 Bf8 14. a5 Qc7 15. g4 g6 16. Bc2 Bg7 17. Qg3 Nf8 18. Re1 N6d7 19. h4 Qc8 20. Ra3 Bd4+ 21. Be3 Nf6 22. g5 Ng4 23. Bxd4 cxd4 24. Bd1 Ne3 25. Ba4 Re7 26. Nd1 Rxe4 27. Nxe3 dxe3 28. Kh2 Qc5 29. Raxe3 Rxa4 0-1

[Event "Asuncion Preclasificatorio Mayor"]
[Site "Asuncion"]
[Date "2010.05.04"]
[Round "8"]
[White "Sartori, Alvaro"]
[Black "Torres, Mauricio Jose"]
[Result "0-1"]
[WhiteElo "1736"]
[BlackElo "1649"]
[PlyCount "114"]
[EventDate "2010.04.05"]
[EventType "swiss"]
[EventRounds "9"]
[EventCountry "PAR"]
[SourceTitle "EXT 2023"]
[Source "ChessBase"]
[SourceDate "2022.10.05"]
[SourceVersion "1"]
[SourceVersionDate "2022.10.05"]
[SourceQuality "1"]

1. f4 Nf6 2. Nf3 g6 3. b3 Bg7 4. Bb2 d5 5. e3 0-0 6. Be2 Nc6 7. 0-0 Bd7 8. d3 Bf5 9. Nd4 Nxd4 10. Bxd4 Rc8 11. g4 Bd7 12. g5 Ne8 13. Bxg7 Nxg7 14. Bf3 Bc6 15. Nd2 Nf5 16. Qe1 d4 17. Bxc6 bxc6 18. Nc4 dxe3 19. Nxe3 Qd4 20. Rf3 Nxe3 21. Rxe3 Qxf4 22. Rxe7 Qxg5+ 23. Kh1 Qd5+ 24. Qe4 Qxe4+ 25. Rxe4 f5 26. Ra4 Ra8 27. Ra6 Rf6 28. Re1 Kf7 29. Kg2 Rd6 30. Kf2 Kf6 31. Re3 h5 32. c4 c5 33. Ra5 Rc6 34. h4 a6 35. a3 Rb8 36. b4 cxb4 37. axb4 Rxb4 38. Re8 Rd6 39. Ra3 Rc6 40. Ra8 Rbb6 41. Ra5 Re6 42. Rc8 Rb2+ 43. Kf3 Rb3 44. Rd5 Rd6 45. Rxc7 Rxd5 46. cxd5 Rxd3+ 47. Kg2 Rxd5 48. Rc6+ Kg7 49. Rxa6 Rd2+ 50. Kg3 Rd1 51. Ra4 Rg1+ 52. Kf3 Rg4 53. Rxg4 hxg4+ 54. Kg3 Kh6 55. Kf4 Kh5 56. Kg3 f4+ 57. Kxf4 Kxh4 0-1

[Event "Asuncion Preclasificatorio Mayor"]
[Site "Asuncion"]
[Date "2010.04.28"]
[Round "7"]
[White "Torres, Mauricio Jose"]
[Black "Gonzalez Gauto, Victor"]
[Result "1/2-1/2"]
[WhiteElo "1649"]
[BlackElo "1507"]
[PlyCount "172"]
[EventDate "2010.04.05"]
[EventType "swiss"]
[EventRounds "9"]
[EventCountry "PAR"]
[SourceTitle "EXT 2023"]
[Source "ChessBase"]
[SourceDate "2022.10.05"]
[SourceVersion "1"]
[SourceVersionDate "2022.10.05"]
[SourceQuality "1"]

1. d4 Nf6 2. Nf3 g6 3. c4 Bg7 4. Nc3 0-0 5. e4 d6 6. h3 Nbd7 7. Bd3 e5 8. d5 c6 9. 0-0 Nc5 10. Bc2 cxd5 11. cxd5 a6 12. Be3 Ncd7 13. Nd2 b5 14. a3 Nh5 15. Rb1 Rb8 16. b4 Qc7 17. Ne2 Nb6 18. f4 exf4 19. Nxf4 Nxf4 20. Rxf4 Qe7 21. Qf1 Be5 22. Rf3 f5 23. Qf2 Nc4 24. Nxc4 bxc4 25. exf5 Bxf5 26. Bxf5 Rxf5 27. Rxf5 gxf5 28. Qxf5 Rf8 29. Qg4+ Bg7 30. Bd4 c3 31. Rc1 h5 32. Qxg7+ Qxg7 33. Bxg7 Kxg7 34. Rxc3 Rf5 35. Rc6 Rxd5 36. Rxa6 Kf6 37. Kf2 Ke5 38. Ke3 Ke6 39. Ra5 Rd1 40. Rxh5 Rb1 41. Ra5 Rb2 42. Kf3 d5 43. g4 Rb3+ 44. Kf4 Rxh3 45. Ra6+ Ke7 46. Ke5 Rd3 47. Ra5 d4 48. Ke4 Rd1 49. Re5+ Kf6 50. Rf5+ Ke6 51. Rf3 Rg1 52. Kxd4 Rxg4+ 53. Kc5 Kd7 54. Rd3+ Kc7 55. a4 Rg5+ 56. Rd5 Rg1 57. Kb5 Rg8 58. Rc5+ Kb7 59. a5 Rg6 60. Rh5 Ka7 61. a6 Rb6+ 62. Kc5 Kxa6 63. Rh7 Rb5+ 64. Kc4 Rb6 65. Kb3 Rg6 66. Ka4 Rb6 67. Rc7 Rb8 68. Rh7 Rb6 69. Rh8 Kb7 70. Rf8 Ra6+ 71. Kb3 Rb6 72. Rf1 Ka6 73. Ka4 Rb8 74. Rf6+ Rb6 75. Rf8 Kb7 76. b5 Re6 77. Rf7+ Kb6 78. Rf4 Rd6 79. Rc4 Rh6 80. Rb4 Rh5 81. Rg4 Rh6 82. Rg5 Rh4+ 83. Kb3 Ka5 84. Ka3 Ra4+ 85. Kb3 Rb4+ 86. Kc3 Rxb5 1/2-1/2

[Event "Carlos Duria Memorial 4th"]
[Site "Asuncion"]
[Date "2010.01.24"]
[Round "6"]
[White "Escofet Fernandez, Jaime"]
[Black "Torres, Mauricio Jose"]
[Result "1-0"]
[WhiteElo "2092"]
[BlackElo "1746"]
[PlyCount "57"]
[EventDate "2010.01.20"]
[EventType "swiss"]
[EventRounds "9"]
[EventCountry "PAR"]
[SourceTitle "EXT 2023"]
[Source "ChessBase"]
[SourceDate "2022.10.05"]
[SourceVersion "1"]
[SourceVersionDate "2022.10.05"]
[SourceQuality "1"]

1. e4 c5 2. Nf3 d6 3. d4 cxd4 4. Nxd4 Nf6 5. Nc3 g6 6. Be3 Bg7 7. f3 0-0 8. Qd2 Nc6 9. 0-0-0 Be6 10. Nxe6 fxe6 11. Bc4 Qd7 12. h4 Rfc8 13. Bh6 Ne5 14. Bb3 Nf7 15. Bxg7 Kxg7 16. g4 Rh8 17. h5 g5 18. h6+ Kf8 19. Ne2 e5 20. Bxf7 Kxf7 21. Qxg5 Rhg8 22. Qd2 Rac8 23. Nc3 Qc6 24. g5 Nd7 25. f4 Ke8 26. f5 b5 27. g6 b4 28. Nd5 a5 29. Kb1 1-0

[Event "Carlos Duria Memorial 4th"]
[Site "Asuncion"]
[Date "2010.01.24"]
[Round "5"]
[White "Torres, Mauricio Jose"]
[Black "Toledo, Orlando"]
[Result "1/2-1/2"]
[WhiteElo "1746"]
[BlackElo "1802"]
[PlyCount "90"]
[EventDate "2010.01.20"]
[EventType "swiss"]
[EventRounds "9"]
[EventCountry "PAR"]
[SourceTitle "EXT 2023"]
[Source "ChessBase"]
[SourceDate "2022.10.05"]
[SourceVersion "1"]
[SourceVersionDate "2022.10.05"]
[SourceQuality "1"]

1. e4 Nf6 2. Nc3 d5 3. exd5 Nxd5 4. Bc4 Nb6 5. Bb3 Nc6 6. Nf3 Bg4 7. d4 e6 8. Be3 Bb4 9. h3 Bh5 10. 0-0 Bxf3 11. Qxf3 Nxd4 12. Bxd4 Qxd4 13. Rad1 Qf6 14. Qxb7 0-0 15. Rd3 Rfd8 16. Rfd1 Rxd3 17. Rxd3 Bxc3 18. Rxc3 Qe5 19. Qxc7 Qxc7 20. Rxc7 Kf8 21. f4 a5 22. a3 Rd8 23. Rb7 Nd5 24. Bxd5 Rxd5 25. Rb3 Ke7 26. Kh2 Kf6 27. Kg3 g6 28. Kf3 e5 29. c4 Rd1 30. Rb6+ Ke7 31. fxe5 Rf1+ 32. Kg3 Re1 33. Rb5 a4 34. Kf3 Ke6 35. Kf4 h6 36. Rb6+ Ke7 37. h4 Rf1+ 38. Kg3 Rf5 39. Rb4 Rxe5 40. Rxa4 Rc5 41. Kf4 Rf5+ 42. Ke4 Rf2 43. g3 Rxb2 44. Rb4 Ra2 45. a4 Kd6 1/2-1/2